| 000 | 02463nam2a22003011 4500 | ||
|---|---|---|---|
| 001 | rc\3027070 | ||
| 005 | 20250809113246.0 | ||
| 035 | _a(NLR Aleph) 007216849 | ||
| 090 |
_a88631 _c88631 |
||
| 100 | _a20110929d1944 u y0rusy50 ca | ||
| 101 | 0 | _arus | |
| 102 | _aRU | ||
| 105 | _aac z ||||| | ||
| 200 | 0 | _aЧ. 2 | |
| 210 | _d1944 | ||
| 215 |
_a535, XXXVI с., 5 л. ил., портр. _cил., портр. |
||
| 300 | _aПрим. к тексту "Начал общей военно-полевой хирургии". Под ред. полк. мед. службы проф. А.М. Геселевича. Сост. полк. мед. службы, проф. А.М. Геселевеч и доц. Д.Н. Лубоцкий, с. I-XXXVI | ||
| 461 | 0 |
_1001rc\3027068 _12000#$aНачала общей военно-полевой хирургии, взятые из наблюдений военно-госпитальной практики и воспоминаний о Крымской войне и Кавказской экспедиции$fН. Пирогов$gПод общ. ред. акад. Н.Н. Бурденко$gСо статьями акад. Н.Н. Бурденко "Н. И. Пирогов - основоположник военно-полевой хирургии", [с. IX-XLIII], ген.-полк. Е.Н. Смирнов. "Орг. вопросы военно-полевой хирургии по Пирогову их совр. понимание", [с. XLIII-LIII]$vЧ. 2 _1700#1$aПирогов$bН.И.$gНиколай Иванович$f1810-1881 |
|
| 464 | 0 |
_12001#$aПримечания к тексту "Начал общей военно-полевой хирургии"$fСост. полк. мед. службы, проф. А.М. Геселевич и доц. Д.Н. Лубоцкий$gПод ред. полк. мед. службы проф. А.М. Геселевич _1215##$aС. I-XXXVI _1702#1$aГеселевич$bА. М.$gАнатолий Михайлович$4220 _1702#1$aЛубоцкий$bД. Н.$gДавид Наумович$f1899-1966$4220 |
|
| 702 | 1 |
_aГеселевич _bА.М. _gАнатолий Михайлович _4212 |
|
| 702 | 1 |
_aЛубоцкий _bД.Н. _f1899-1966 _gДавид Наумович _4212 |
|
| 801 | 0 |
_aRU _bNLR _gpsbo |
|
| 801 | 1 |
_aRU _bELAR _2rusmarc |
|
| 852 |
_aNLR _jМд40 Г-5/61 |
||
| 942 | _cBOOK | ||
| 945 | _aРоссийская национальная библиотека | ||
| 980 | _aBV | ||